[Event "Canadian op"]
[Site "Laval"]
[Date "2024.07.16"]
[Round "6"]
[White "St Germain, Jack"]
[Black "Kapra, Jerjis"]
[Result "0-1"]
[WhiteElo "1889"]
[BlackElo "2010"]
[PlyCount "52"]
[EventDate "2024.07.13"]
[EventType "swiss"]
[EventRounds "9"]
[EventCountry "CAN"]
[SourceTitle "EXT 2025"]
[Source "ChessBase"]
[SourceDate "2024.10.14"]
[SourceVersion "1"]
[SourceVersionDate "2024.10.14"]
[SourceQuality "1"]

1. e4 e6 2. d4 d5 3. Nd2 c5 4. Ngf3 Nf6 5. e5 Nfd7 6. c3 Nc6 7. Bd3 Qb6 8. 0-0 cxd4 9. cxd4 a5 10. Qa4 Be7 11. Bb1 g5 12. h3 h5 13. g4 Qa6 14. Qd1 Qa7 15. Qa4 hxg4 16. hxg4 b5 17. Qb3 Nxd4 18. Qd3 Nc6 19. Re1 Ba6 20. Nb3 b4 21. Qd1 Qc7 22. Qc2 Rc8 23. Kg2 Qb8 24. Qd2 Ndxe5 25. Nxe5 Nxe5 26. Qd4 Rh2+ 0-1